| 000 | 00727nam a22002177a 4500 | ||
|---|---|---|---|
| 005 | 20180308110751.0 | ||
| 010 | _aENG-109920 | ||
| 020 |
_a9788185984520 _c600.00 |
||
| 035 | _aEN-93453 | ||
| 035 | _aB-667689 | ||
| 037 | _bDBAD/PUB | ||
| 082 | _a650.11 | ||
| 100 | _aSridharan, N.C. | ||
| 245 | 0 | 0 |
_aThe gift of time : _cby N.C. Sridharan _bpractical tips for enhancing personal productivity / |
| 250 | _a4th ed | ||
| 260 |
_aMadras _bProductivity and Quality Publishing _c2013 |
||
| 270 |
_a38, Thanikachalam Road _bMadras _e600017 |
||
| 300 |
_a394p. : _c22cm(pbk) _bill |
||
| 942 |
_2ddc _cEN _mSRI _h650.11 |
||
| 999 |
_c84000 _d84000 |
||